Strategic management : concepts and cases (Record no. 187093)
[ view plain ]
| 000 -LEADER | |
|---|---|
| fixed length control field | 00441nam a2200169Ia 4500 |
| 005 - DATE AND TIME OF LATEST TRANSACTION | |
| control field | 20250326122055.0 |
| 008 - FIXED-LENGTH DATA ELEMENTS--GENERAL INFORMATION | |
| fixed length control field | 231217s9999 xx 000 0 und d |
| 020 ## - INTERNATIONAL STANDARD BOOK NUMBER | |
| International Standard Book Number | 9788120335660 |
| 082 ## - DEWEY DECIMAL CLASSIFICATION NUMBER | |
| Classification number | 658.4012 DAV;4 R |
| 100 ## - MAIN ENTRY--PERSONAL NAME | |
| Personal name | David, Fred R. |
| 245 #0 - TITLE STATEMENT | |
| Title | Strategic management : concepts and cases |
| 250 ## - EDITION STATEMENT | |
| Edition statement | 12th ed. |
| 260 ## - PUBLICATION, DISTRIBUTION, ETC. (IMPRINT) | |
| Date of publication, distribution, etc. | 2009 |
| Name of publisher, distributor, etc. | PHI |
| Place of publication, distribution, etc. | New Delhi |
| 300 ## - PHYSICAL DESCRIPTION | |
| Extent | xxxi, 336+326 |
| 650 ## - SUBJECT ADDED ENTRY--TOPICAL TERM | |
| Topical term or geographic name as entry element | Strategic,management |
| 942 ## - ADDED ENTRY ELEMENTS (KOHA) | |
| Koha item type | Books |
| Date last seen | Total Checkouts | Full call number | Accession number | Old discount | Checked out | Date checked out | Cost, replacement price | Price effective from | Category | Lost status | Damaged status | Department | Withdrawn status | bill no. | bill date | Permanent Location | Current Location | Shelving location | Entry date | Vendor | Cost, normal purchase price | Grants | Currency symbol | Conversion rate | Discount | Discount type |
|---|---|---|---|---|---|---|---|---|---|---|---|---|---|---|---|---|---|---|---|---|---|---|---|---|---|---|
| 10/06/2025 | 1 | 658.4012 DAV;4 R | 67180 | 20 | 24/06/2025 | 10/06/2025 | 440.00 | 26/01/2024 | Books | Central Library | SIPHO/2010/CRB/72 | 25/02/2014 | Central Library | RFID Kiosk | Central Library | 29/07/2010 | Surya Infotainment Products Pvt. Ltd. | 550.00 | MBA | RS | 1 | 110 | Rupees | |||
| 18/06/2026 | 2 | 658.4012 DAV;5 R1 | 67181 | 20 | 03/06/2026 | 440.00 | 26/01/2024 | Books | Central Library | SIPHO/2010/CRB/72 | 25/02/2014 | Central Library | RFID Kiosk | Central Library | 29/07/2010 | Surya Infotainment Products Pvt. Ltd. | 550.00 | MBA | RS | 1 | 110 | Rupees |
